Online
Catalog

Poema inacabado / (Record no. 9825)

MARC details
000 -CABECERA
campo de control de longitud fija 00783nam a22002177a 4500
001 - NÚMERO DE CONTROL
campo de control 000010066
005 - FECHA Y HORA DE LA ÚLTIMA TRANSACCIÓN
campo de control 20200929161827.0
008 - DATOS DE LONGITUD FIJA--INFORMACIÓN GENERAL
campo de control de longitud fija 891010s1989 sp 000 0 spa
010 ## - NÚMERO DE CONTROL DE LA BIBLIOTECA DEL CONGRESO
Número de control de LC 89872818
020 ## - NÚMERO INTERNACIONAL ESTÁNDAR DEL LIBRO
Número Internacional Estándar del Libro 8420645192
040 ## - FUENTE DE LA CATALOGACIÓN
Centro catalogador/agencia de origen DO-SdBNP
Centro/agencia transcriptor DLC
Centro/agencia modificador DLC
050 00 - SIGNATURA TOPOGRÁFICA DE LA BIBLIOTECA DEL CONGRESO
Número de clasificación MLCS 89/19688 (P)
100 1# - ENTRADA PRINCIPAL--NOMBRE DE PERSONA
Nombre de persona Ferrater, Gabriel.
9 (RLIN) 9831
240 10 - TÍTULO UNIFORME
Título uniforme Poema inacabat.
Lenguaje de la obra Spanish & Catalan
245 10 - MENCIÓN DE TÍTULO
Título Poema inacabado /
Mención de responsabilidad, etc. Gabriel Ferrater ; version en castellano, prologo y notas de Joan Margarit y Pere Rovira.
260 ## - PUBLICACIÓN, DISTRIBUCIÓN, ETC.
Lugar de publicación, distribución, etc. Madrid :
Nombre del editor, distribuidor, etc. Alianza ;
Lugar de publicación, distribución, etc. Barcelona :
Nombre del editor, distribuidor, etc. Enciclopedia Catalana,
Fecha de publicación, distribución, etc. c1989.
300 ## - DESCRIPCIÓN FÍSICA
Extensión 107 p. ;
Dimensiones 21 cm.
490 1# - MENCIÓN DE SERIE
Mención de serie Biblioteca de cultura catalana ;
Designación de volumen o secuencia 19
830 #0 - PUNTO DE ACCESO ADICIONAL DE SERIE-TÍTULO UNIFORME
Título uniforme Biblioteca de cultura catalana (Madrid, Spain) ;
Designación de volumen o secuencia 19
9 (RLIN) 25045
910 ## - DATOS DE OPCIÓN DEL USUARIO (OCLC)
Datos de opción del usuario Catalogación por copia / LC
Holdings
Estado de retiro Estado de pérdida Restricciones de uso No para préstamo Código de colección Localización permanente Ubicación/localización actual Ubicación en estantería Fecha de adquisición Número de inventario Total de préstamos Signatura topográfica completa Código de barras Fecha visto por última vez Precio válido a partir de Tipo de ítem Koha
    Préstamo interno   Monografías: Libros y Folletos General General En catalogación 03.10.2009 LF1   10066-10 25.06.2020 25.06.2020 Préstamo interno

Powered by Koha